#5 PB152 - Souběžnost - Statistics

General Stats
  • This quiz has been taken 8 times
  • The average score is 15 of 18
Answer Stats
Hint Answer % Correct
Hrany grafu predchádzania Akce
100%
Orientovaná cesta ve stavovém prostoru Běh
100%
Chyba, která nastane existují-li souběžné datové závislosti Chyba pořadí
100%
Je-li vstupem nějaké akce Z paměťová buňka nebo registr, do které naposled zapisovala akce X, říkáme, že Z má na X: Datovou závislost
100%
Nastává kdykoliv vedou dva různé časové sledy, které jsou oba konzistentní s relací předcházení pro daný systém, k různému vnějšímu chování Hazard souběhu
100%
Situace, kdy je neustále nějaký čtenář aktivní a písaři jsou tak trvale zablokováni Hladovění
100%
Běh, který nesmí být přerušenRelativní vůči jinému běhu Porušení je z definice chybou Speciální případ hazardu souběhu Kritická sekce
100%
Vztah mezi událostmi, které mezi sebou nemají přímou kauzální souvislost Souběžnost
100%
Obsah registrov a pamäti v danom momente Stav
100%
Když se akce, které vedou ze souběžných událostí, spojí do společné Synchronizace
100%
Jev, který nastane v časeMôžeme ho pozorovať Událost
100%
Lineární posloupnost změn stavu Výpočet
100%
Porušení kritické sekce Chyba atomicity
67%
Provádí akceV grafu předcházení se pohybuje po hranách své vlastní barvy Hybatel
67%
Orientovaný graf kde vrcholy jsou stavy a hrany jsou akce Stavový prostor
67%
Lineární relace předcházení Časový sled
33%
Přechod z jednoho stavu do dalšího Efekt instrukce
33%
Relácia usporiadania udalostí Předcházení
33%
No matching quizzes found
Score Distribution
Percent of People with Each Score
Percentile by Number Answered
Your Score History
You have not taken this quiz